Pesta mimpi

Bibliographic Details
Main Author: Jebon Janaun, Daniel
Format: Book
Published: Kuala Lumpur : DBP , 1995

MARC

LEADER 00000cam a2200000 7i4500
001 0000007478
002 000008037
005 20000330.0
020 |a 9836247459 
090 0 0 |a F   |b JAN 
100 0 |a Jebon Janaun, Daniel 
245 1 0 |a Pesta mimpi   |c Daniel Jebon Janaun 
260 |a Kuala Lumpur :   |b DBP ,   |c 1995 
300 |a 210 p. ;   |c 18 cm. 
999 |a 052196   |b BUKU   |c PINJAMAN   |e PERPUSTAKAAN KOMUNITI PETALING JAYA 
999 |a 052197   |b BUKU   |c PINJAMAN   |e PERPUSTAKAAN KOMUNITI PETALING JAYA